000 00606nam a2200181Ia 4500
008 090123s9999 xx 000 0 und d
082 _b12548
_a891.463/रिसबुड
100 _aरिसबुड अलका
245 _aही ओढ त्या स्मृती
250 _a1
260 _bमधुषा प्रकाशन
_c1982
300 _a43
600 _aरिसबुड अलका
630 _aही ओढ त्या स्मृती
700 _aरिसबुड अलका
730 _aही ओढ त्या स्मृती
942 _cBOOK
999 _c50613
_d50613